Mobile computing : (Record no. 218192)
[ view plain ]
| 000 -LEADER | |
|---|---|
| fixed length control field | 01190 a2200181 4500 |
| 003 - CONTROL NUMBER IDENTIFIER | |
| control field | NUST |
| 005 - DATE AND TIME OF LATEST TRANSACTION | |
| control field | 20221025154627.0 |
| 020 ## - INTERNATIONAL STANDARD BOOK NUMBER | |
| International Standard Book Number | 9780070144576 |
| 040 ## - CATALOGING SOURCE | |
| Transcribing agency | Nust |
| 082 ## - DEWEY DECIMAL CLASSIFICATION NUMBER | |
| Classification number | 006.3,TAL |
| 100 ## - MAIN ENTRY--PERSONAL NAME | |
| Personal name | Talukder,K Asoke, Ph.D. |
| 9 (RLIN) | 101377 |
| 245 ## - TITLE STATEMENT | |
| Title | Mobile computing : |
| Remainder of title | technology,applications and service creation / |
| Statement of responsibility, etc. | Asoke K Talukder, Hasan Ahmed and Roopa R Yavagal |
| 250 ## - EDITION STATEMENT | |
| Edition statement | 2nd |
| 260 ## - PUBLICATION, DISTRIBUTION, ETC. | |
| Place of publication, distribution, etc. | New Delhi |
| Name of publisher, distributor, etc. | Tata McGraw Hill |
| Date of publication, distribution, etc. | 2010 |
| 300 ## - PHYSICAL DESCRIPTION | |
| Extent | xliii; 627 p.: |
| 505 ## - FORMATTED CONTENTS NOTE | |
| Formatted contents note | Introduction (Page-1), Mobile computing architecture (Page-28), Mobile computing through telephony (Page-58), Emerging technologies (Page-84), Global system for mobile communications (Page-116), Short message service (SMS) (Page-145), General packet radio service (GPRS) (Page-174), Wireless application protocol (WAP) (Page-194), CDMA and 3G (Page-218), Wireless LAN (Page-251), Intelligent networks and inter working (Page-287), Client programming (Page-312), J2ME (Page-388), Wireless devices with windows CE (Page-463), Multimedia (Page-504), IP multimedia subsystems (Page-537), Security issues in mobile computing (Page-565), Next generation networks (Page-600). |
| 942 ## - ADDED ENTRY ELEMENTS (KOHA) | |
| Source of classification or shelving scheme | |
| Koha item type | Book |
| Call number prefix | 006.3,TAL |
| Withdrawn status | Lost status | Source of classification or shelving scheme | Damaged status | Not for loan | Permanent Location | Current Location | Shelving location | Date acquired | Full call number | Barcode | Date last seen | Price effective from | Koha item type | Public note |
|---|---|---|---|---|---|---|---|---|---|---|---|---|---|---|
| Military College of Signals (MCS) | Military College of Signals (MCS) | General Stacks | 12/12/2016 | 006.3,TAL | MCS37447 | 12/08/2016 | 12/12/2016 | Book | Almirah No.7, Shelf No.3 |
